00724cam a2200205 a 450000100100000000500170001000800410002704000250006808200150009310000480010824500760015625000110023226000410024330000210028449000650030550400350037065000190040565000290042483000650045300001301020260205113240.0901217s1946 cu b 000 0 spa  aDO-SdBNPbspacBNPHU a364bB517n1 aBernaldo de Quiros, Constancio,d1873-1959.14aLas nuevas teorias de la criminalidad /cConstancio Bernaldo de Quiros. a4a ed. aLa Habana :bJesús Montero,c1946. a266 p. ;c24 cm.1 aBiblioteca Jurídica de Autores Cubanos y Extranjeros,v103 aBibliografía : p. [247]-256. 0aCriminología 0aAntropología criminal  0aBiblioteca Jurídica de Autores Cubanos y Extranjeros,v103